| 000 | 01175cam a2200349 a 4500 | ||
|---|---|---|---|
| 001 | 3993289 | ||
| 003 | ost | ||
| 005 | 20140310184237.0 | ||
| 008 | 951206s1995 nyua b 000 0 eng d | ||
| 010 | _a 95236670 | ||
| 020 | _a0590474774 | ||
| 035 | _a(OCoLC)33858097 | ||
| 040 |
_aNBelS _cNBelS _dDLC |
||
| 042 |
_alccopycat _alcac |
||
| 050 | 0 | 4 |
_aQL 49 _b.B548 1995 |
| 082 | 0 | 0 | _a591 |
| 100 | 1 |
_aBerger, Melvin. _94942 |
|
| 245 | 1 | 2 |
_aA whale is not a fish and other animal mix-ups / _cby Melvin Berger ; illustrated by Marshall Peck III. |
| 260 |
_aNew York : _bScholastic, _cc1995. |
||
| 300 |
_a64 p. : _bcol. ill. ; _c23 cm. |
||
| 500 | _a"RL3 007-010"--P. [4] of cover. | ||
| 521 | _aG4 | ||
| 526 | _c650 | ||
| 650 | 0 |
_aAnimals _xIdentification _vJuvenile literature. _930498 |
|
| 650 | 0 |
_aAnimals _vClassification _vJuvenile literature. _930499 |
|
| 650 | 1 |
_aAnimals. _927385 |
|
| 700 | 1 |
_aPeck, Marshall H., _eill. _930500 |
|
| 906 |
_a7 _bcbc _ccopycat _d3 _encip _f19 _gy-gencatlg |
||
| 942 |
_2lcc _cSCH _kFIC |
||
| 999 |
_c33221 _d33221 |
||